书目信息 |
| 题名: |
法心如秤
|
|
| 作者: | 许身健 著 | |
| 分册: | ||
| 出版信息: | 上海 上海三联书店 2009.06 |
|
| 页数: | 290页 | |
| 开本: | 24cm | |
| 丛书名: | ||
| 单 册: | ||
| 中图分类: | D920.0 | |
| 科图分类: | ||
| 主题词: | 社会主义法制--中国--文集 | |
| 电子资源: | ||
| ISBN: | 978-7-5426-3086-5 | |
| 000 | 00837nam0 2200241 450 | |
| 001 | 012010604666 | |
| 005 | 20100720161238.96 | |
| 009 | 012004376964 | |
| 010 | @a978-7-5426-3086-5@dCNY32.00 | |
| 100 | @a20100515d2009 em y0chiy0110 ea | |
| 101 | 0 | @achi |
| 102 | @aCN@b310000 | |
| 105 | @ay z 000yy | |
| 200 | 1 | @a法心如秤@Afa xin ru cheng@e法律人的基本立场@elawyers' basic stand@f许身健著 |
| 210 | @a上海@c上海三联书店@d2009.06 | |
| 215 | @a290页@d24cm | |
| 330 | @a本书收录了:《对待残疾人,重要的是平等相待》、《“马背上的法庭”也能实现正义》、《如何防止毒鸭子摆上餐桌》、《看美国怎样解决“执行难”》等文章。 | |
| 517 | 1 | @a法律人的基本立场@Afa lv ren de ji ben li chang |
| 606 | 0 | @a社会主义法制@y中国@x文集 |
| 690 | @aD920.0@v4 | |
| 701 | 0 | @a许身健@Axu shen jian@4著 |
| 801 | 0 | @aCN@c20100515 |
| 905 | @dD920.0@eX890@f3 | |
| 法心如秤:法律人的基本立场:lawyers' basic stand/许身健著.-上海:上海三联书店,2009.06 |
| 290页;24cm |
| ISBN 978-7-5426-3086-5:CNY32.00 |
| 本书收录了:《对待残疾人,重要的是平等相待》、《“马背上的法庭”也能实现正义》、《如何防止毒鸭子摆上餐桌》、《看美国怎样解决“执行难”》等文章。 |
| ● |
| 相关链接 |
|
|
|
正题名:法心如秤
索取号:D920.0/X890
 
预约/预借
| 序号 | 登录号 | 条形码 | 馆藏地/架位号 | 状态 | 备注 |
| 1 | 992984 | 209929844 | 社科库509/509社科库 83排6列2层/ [索取号:D920.0/X890] | 在馆 | |
| 2 | 992985 | 209929853 | 社科库509/509社科库 83排6列2层/ [索取号:D920.0/X890] | 在馆 | |
| 3 | 992986 | 209929862 | 法学院资料室/ [索取号:D920.0/X890] | 在馆 |